| 000 | 00388cam a2200169ua 4500 | ||
|---|---|---|---|
| 020 | _c2 | ||
| 041 |
_ahin _h |
||
| 082 |
_a891.43 _b |
||
| 100 | _aBhagwatiPrasad, Vaipai . | ||
| 245 |
_aRat Aur Prabhat / _cVajpai Bhagwati Prasad. _hTextual Documents |
||
| 260 |
_a : _bLadbari Samskarayan. |
||
| 300 | _a66 ; . | ||
| 365 | _a2 | ||
| 504 | _a | ||
| 942 | _cBK | ||
| 999 |
_c3450 _d3450 |
||